000
00326nam a22001457a 4500
008
210309b ||||| |||| 00| 0 eng d
020
_a
139780321613363
041
_a
eng
080
_2
11th
_a
51
082
_2
51
100
_a
36
101
_a
MAT
245
_a
Intermediate Algebra
_c
Marvin L. Bittinger
942
_2
udc
_c
BK
999
_c
56108
_d
56108